Hate crimes : new social movements and the politics of violence
Αποθηκεύτηκε σε:
| Κύριος συγγραφέας: | |
|---|---|
| Άλλοι συγγραφείς: | |
| Μορφή: | Βιβλίο |
| Γλώσσα: | English |
| Δημοσίευση: |
New York :
Aldine Transaction,
2005, c1997
|
| Θέματα: | |
| Ετικέτες: |
Προσθήκη ετικέτας
Δεν υπάρχουν, Καταχωρήστε ετικέτα πρώτοι!
|
MARC
| LEADER | 00000nam a2200000 i 4500 | ||
|---|---|---|---|
| 001 | 1/55285 | ||
| 008 | 070919s20051997 eng d | ||
| 020 | |a 0-202-30602-X (pbk.) | ||
| 035 | |l 10090822 | ||
| 040 | |a GR-MY-UA |b gre |e aacr | ||
| 041 | 0 | |a eng | |
| 082 | 0 | |a 364.1 |2 (22) | |
| 100 | 1 | |a Jenness, Valerie |d 1963- | |
| 245 | 1 | 0 | |a Hate crimes : |b new social movements and the politics of violence / |c Valerie Jenness and Kendal Broad |
| 260 | |a New York : |b Aldine Transaction, |c 2005, c1997 | ||
| 300 | |a xi, 215 σ.; |b εικ.; |c 24 εκ. | ||
| 500 | |a Πρωτότυπη έκδοση: Walter de Gruyter, c1997 | ||
| 504 | |a Βιβλιογραφία: σ. 189-207 | ||
| 504 | |a Ευρετήριο: σ. 209-215 | ||
| 650 | 0 | 0 | |a Hate crimes |z United States. |
| 650 | 0 | 0 | |a Social movements |z United States. |
| 650 | 0 | 0 | |a Gays |x Violence against |z United States. |
| 650 | 0 | 0 | |a Women |x Violence against |z United States. |
| 700 | 1 | |a Broad, Kendal. | |
| 852 | |a INST |b LESVOS |e 20070919 |h 364.1 JEN |p 005100041220 |q 005100041220 |t BK |y 0 | ||
| 901 | |a BIBL1-2007-3 | ||
| 909 | |a Λ |b 138999 | ||
| 922 | |a 1ΕΛΗ |b 200708 |c ΕΠΕΑΕΚ2/ΤΚ |d ΕΛΕΥΘΕΡΟΥΔΑΚΗΣ | ||
| 970 | |a ΚΑΡΑ |b ΓΙΑΣΕΜΗ |z 2007/09/19 | ||